01209nam a2200265 a 450000100100000000500170001000800410002704000250006808200180009310000410011124501230015226000650027530000210034050400330036159000260039465000510042065000510047165000420052265000310056465000550059591000380065095201160068895201220080499900170092600003888620240506203333.0130501s2000 dr 000 0 spa d aDO-SdBNPbspacBNPHU a304.28bP644g1 aPimentel Rosario, Irvin Noris96515910aGuía didáctica :bmujer y medio ambiente, técnicas y ejercicios para el trabajo /cIrvin Noris Pimentel Rosario. aSanto Domingo :bDominicana de Impresos y Publicidad,c2000. a224 p. ;c27 cm. aBibliografía : p. 223-224. aInventariado, 2018/BT 0aMujeres en el desarrollo de la comunidad92086 4aHombresxInfluencia sobre la naturaleza926312 4aProtección del medio ambiente94185 4aEcología aplicada948941 4aGestión ambientalzRepública Dominicana933772 aValidado. Control de calidad. EMS 0010718PDaPDbPDcHDd2013-05-01iLF1l0o304.28 P644gp38886-10r2020-06-25w2020-06-25yLFPDZNo se presta 0010718PDaPDbPDcHDd2013-09-26iLF1l0o304.28 P644gp38886-20r2020-06-25te. 2w2020-06-25yLFPDZNo se presta c38376d38376